000
00325nam a2200157Ia 4500
100
_a
Lipski/Alex
650
_a
Gospel
942
_c
BK
366
_f
28
654
_a
gospel
245
_a
Original gospel of Ramakrishna.
260
_b
Jaico Publishing House
_c
2015
082
_b
LIP
300
_a
216
546
_a
ENGLISH
999
_c
24204
_d
24204